LEADER 01075nam0-2200361---450- 001 990009894730403321 005 20160223155322.0 010 $a978-88-917-0735-2 035 $a000989473 035 $aFED01000989473 035 $a(Aleph)000989473FED01 035 $a000989473 100 $a20140912d2014----km-y0itay50------ba 101 0 $aita 102 $aIT 105 $a--------001yy 200 1 $aMorire altrove$ela buona morte in un contesto interculturale$fa cura di Corrado Viafora e Francesca Marin 210 $aMilano$cFrancoAngeli$d2014 215 $a219 p.$d23 cm 225 1 $aStudi e ricerche di bioetica e scienze umane$v2 610 0 $aMorte$aAspetti socio-culturali 610 0 $aMorte$aAspetti psicologici 676 $a306.9$v22$zita 676 $a155.937$v22$zita 700 1$aViafora,$bCorrado$0262639 701 1$aMarin,$bFrancesca$0523652 801 0$aIT$bUNINA$gRICA$2UNIMARC 901 $aBK 912 $a990009894730403321 952 $a306.9 VIA 1$b6789$fBFS 959 $aBFS 996 $aMorire altrove$9829108 997 $aUNINA LEADER 00851nam0-22002891i-450- 001 990004455130403321 005 20150702103920.0 035 $a000445513 035 $aFED01000445513 035 $a(Aleph)000445513FED01 035 $a000445513 100 $a19990604d1955----km-y0itay50------ba 101 1 $aeng$ager 105 $ay-------001yy 200 1 $a<>church in the New Testament Period$fAdolf Schlatter$gtranslated by Paul Philip Levertoff 210 $aLondon$cS.P.C.K.$d1955 215 $aXII, 335 p.$d22 cm 610 0 $aStoria antica - Primi secoli della Chiesa 676 $a230.1 700 1$aSchlatter,$bAdolf$0177665 702 1$aLevertoff,$bPaul Philip 801 0$aIT$bUNINA$gRICA$2UNIMARC 901 $aBK 912 $a990004455130403321 952 $a230.1 SCH 1$bBibl. 28655$fFLFBC 959 $aFLFBC 997 $aUNINA